UK Punk Singles 1980 - 1983 - Statistics

General Stats
  • This quiz has been taken 66 times
  • The average score is 7 of 20
Answer Stats
Song Title Band % Correct
My Perfect Cousin Undertones
90%
Nellie The Elephant Toy Dolls
53%
The Greatest Cockney Rip Off Cockney Rejects
50%
Staring At The Rude Boys Ruts
50%
Two Pints Of Lager & A Packet Of Crisps Please Splodgenessabounds
50%
I Hate People Anti-Nowhere League
43%
Viva La Revolution Adicts
40%
Big A Little A Crass
40%
Banned From The Pubs Peter and the Test Tube Babies
35%
Dead Cities Exploited
33%
Never Again (Clay Records) Discharge
30%
Someones Gonna Die Blitz
28%
No Government Anti Pasti
27%
Sick Boy Charged GBH
25%
Tube Disasters Flux Of Pink Indians
25%
Kick Out The Tories! Newtown Neurotics
25%
Have You Got 10p? The Ejected
20%
For My Country UK Decay
20%
Just Another Dream Professionals
8%
Scarred For Life Vice Squad
7%
No matching quizzes found
Score Distribution
Percent of People with Each Score
Percentile by Number Answered
Your Score History
You have not taken this quiz